| 000 | 00484nam a2200157Ia 4500 | ||
|---|---|---|---|
| 003 | GCL | ||
| 005 | 20240530110531.0 | ||
| 008 | 140319s9999 xx 000 0 ara d | ||
| 040 |
_aGCL / _cGCL |
||
| 082 | 0 | 4 |
_221 _a953.071\ _bم ك |
| 245 | 1 | 0 | _aكتاب البيان المغرب فى اخبار الاندلس والمغرب |
| 260 |
_a[S.N] : _bدار الثقافة العربية |
||
| 300 | _aمتعدد | ||
| 490 |
_aشكاوى المصرى الفصيح _v0 |
||
| 942 |
_2ddc _cBK |
||
| 999 |
_c62087 _d62087 |
||